| 000 | 01007cam a2200265 i 4500 | ||
|---|---|---|---|
| 001 | 17752577 | ||
| 003 | OSt | ||
| 005 | 20180116192433.0 | ||
| 008 | 130403s2013 uika bc 000 0 eng | ||
| 010 | _a 2013414438 | ||
| 020 | _a9781907896309 (paperback) | ||
| 040 |
_aDLC _beng _erda _cDLC |
||
| 042 | _apcc | ||
| 050 | 0 | 0 |
_aNA2540 _b.D587 2013 |
| 082 | _a720.9493 | ||
| 245 | 0 | 0 |
_aDogma : _b11 projects. |
| 300 |
_a118 pages : _billustrations, some color ; _c28 cm |
||
| 500 | _aPublished on the occasion of the exhibition "Dogma: 11 projects" at the Architectural Association School of Architecture, London, 22 February - 20 March 2013. | ||
| 504 | _aIncludes bibliographical references. | ||
| 610 | 2 | 0 |
_aDogma (Architectural office) _vExhibitions. _98611 |
| 710 | 2 |
_aArchitectural Association (Great Britain). _bSchool of Architecture. _98612 |
|
| 906 |
_a7 _bcbc _corigres _d3 _encip _f20 _gy-gencatlg |
||
| 942 |
_2ddc _cBK |
||
| 999 |
_c354184 _d354184 |
||